<?xml version="1.0" encoding="UTF-8"?>
<record
    xmlns:xsi="http://www.w3.org/2001/XMLSchema-instance"
    xsi:schemaLocation="http://www.loc.gov/MARC21/slim http://www.loc.gov/standards/marcxml/schema/MARC21slim.xsd"
    xmlns="http://www.loc.gov/MARC21/slim">

  <leader>01788nam0a2200361 i 4500</leader>
  <controlfield tag="001">RU\NLR\BIBL_A\010219099</controlfield>
  <controlfield tag="005">20240921133337.0</controlfield>
  <datafield tag="010" ind1=" " ind2=" ">
    <subfield code="a">9785905691713</subfield>
    <subfield code="9">100</subfield>
  </datafield>
  <datafield tag="021" ind1=" " ind2=" ">
    <subfield code="a">RU</subfield>
    <subfield code="b">2014-433</subfield>
    <subfield code="9">22</subfield>
  </datafield>
  <datafield tag="035" ind1=" " ind2=" ">
    <subfield code="a">(NILC)RuMoRGB-006729001</subfield>
  </datafield>
  <datafield tag="035" ind1=" " ind2=" ">
    <subfield code="a">(NLR Aleph) 010219099</subfield>
  </datafield>
  <datafield tag="090" ind1=" " ind2=" ">
    <subfield code="a">10314106</subfield>
    <subfield code="c">10314106</subfield>
  </datafield>
  <datafield tag="100" ind1=" " ind2=" ">
    <subfield code="a">20140317d2013    k  y0rusy50      ca</subfield>
  </datafield>
  <datafield tag="101" ind1="0" ind2=" ">
    <subfield code="a">rus</subfield>
  </datafield>
  <datafield tag="102" ind1=" " ind2=" ">
    <subfield code="a">RU</subfield>
  </datafield>
  <datafield tag="105" ind1=" " ind2=" ">
    <subfield code="a">a|||7|||001yy</subfield>
  </datafield>
  <datafield tag="200" ind1="1" ind2=" ">
    <subfield code="a">&#x422;&#x435;&#x440;&#x440;&#x438;&#x442;&#x43E;&#x440;&#x438;&#x430;&#x43B;&#x44C;&#x43D;&#x44B;&#x435; &#x43E;&#x440;&#x433;&#x430;&#x43D;&#x44B; &#x441;&#x43E;&#x446;&#x438;&#x430;&#x43B;&#x44C;&#x43D;&#x43E;&#x439; &#x437;&#x430;&#x449;&#x438;&#x442;&#x44B; &#x432; &#x420;&#x421;&#x41E;-&#x410;&#x43B;&#x430;&#x43D;&#x438;&#x44F;</subfield>
    <subfield code="f">&#x410;.&#x411;. &#x422;&#x43E;&#x43A;&#x430;&#x435;&#x432;&#x430;, &#x411;.&#x411;. &#x422;&#x43E;&#x43A;&#x430;&#x435;&#x432;&#x430;</subfield>
    <subfield code="g">&#x424;&#x435;&#x434;&#x435;&#x440;. &#x433;&#x43E;&#x441;. &#x431;&#x44E;&#x434;&#x436;&#x435;&#x442;. &#x43E;&#x431;&#x440;&#x430;&#x437;&#x43E;&#x432;&#x430;&#x442;. &#x443;&#x447;&#x440;&#x435;&#x436;&#x434;&#x435;&#x43D;&#x438;&#x435; &#x432;&#x44B;&#x441;&#x448;. &#x43F;&#x440;&#x43E;&#x444;. &#x43E;&#x431;&#x440;&#x430;&#x437;&#x43E;&#x432;&#x430;&#x43D;&#x438;&#x44F; "&#x421;&#x435;&#x432;.-&#x41E;&#x441;&#x435;&#x442;. &#x433;&#x43E;&#x441;. &#x443;&#x43D;-&#x442; &#x438;&#x43C;. &#x41A;.&#x41B;. &#x425;&#x435;&#x442;&#x430;&#x433;&#x443;&#x440;&#x43E;&#x432;&#x430;"</subfield>
  </datafield>
  <datafield tag="210" ind1=" " ind2=" ">
    <subfield code="a">&#x412;&#x43B;&#x430;&#x434;&#x438;&#x43A;&#x430;&#x432;&#x43A;&#x430;&#x437;</subfield>
    <subfield code="c">&#x418;&#x437;&#x434;&#x430;&#x442;&#x435;&#x43B;&#x44C;&#x441;&#x43A;&#x43E;-&#x43F;&#x43E;&#x43B;&#x438;&#x433;&#x440;&#x430;&#x444;&#x438;&#x447;&#x435;&#x441;&#x43A;&#x438;&#x439; &#x43E;&#x442;&#x434;&#x435;&#x43B; &#x421;&#x41E;&#x418;&#x413;&#x421;&#x418;</subfield>
    <subfield code="d">2013</subfield>
  </datafield>
  <datafield tag="215" ind1=" " ind2=" ">
    <subfield code="a">257, [1] &#x441;.</subfield>
    <subfield code="c">&#x438;&#x43B;.</subfield>
    <subfield code="d">20</subfield>
  </datafield>
  <datafield tag="320" ind1=" " ind2=" ">
    <subfield code="a">&#x411;&#x438;&#x431;&#x43B;&#x438;&#x43E;&#x433;&#x440;.: &#x441;. 231-236</subfield>
  </datafield>
  <datafield tag="606" ind1="1" ind2=" ">
    <subfield code="a">&#x421;&#x43E;&#x446;&#x438;&#x430;&#x43B;&#x44C;&#x43D;&#x430;&#x44F; &#x437;&#x430;&#x449;&#x438;&#x442;&#x430;</subfield>
    <subfield code="y">&#x421;&#x435;&#x432;&#x435;&#x440;&#x43D;&#x430;&#x44F; &#x41E;&#x441;&#x435;&#x442;&#x438;&#x44F;-&#x410;&#x43B;&#x430;&#x43D;&#x438;&#x44F;, &#x420;&#x435;&#x441;&#x43F;&#x443;&#x431;&#x43B;&#x438;&#x43A;&#x430;</subfield>
    <subfield code="9">2243410</subfield>
    <subfield code="3">RU\NLR\AUTH\6601577242</subfield>
  </datafield>
  <datafield tag="606" ind1="1" ind2=" ">
    <subfield code="a">&#x41E;&#x440;&#x433;&#x430;&#x43D;&#x44B; &#x441;&#x43E;&#x446;&#x438;&#x430;&#x43B;&#x44C;&#x43D;&#x43E;&#x433;&#x43E; &#x43E;&#x431;&#x435;&#x441;&#x43F;&#x435;&#x447;&#x435;&#x43D;&#x438;&#x44F;</subfield>
    <subfield code="y">&#x420;&#x43E;&#x441;&#x441;&#x438;&#x439;&#x441;&#x43A;&#x430;&#x44F; &#x424;&#x435;&#x434;&#x435;&#x440;&#x430;&#x446;&#x438;&#x44F;</subfield>
    <subfield code="9">2238368</subfield>
    <subfield code="3">RU\NLR\AUTH\661343237</subfield>
  </datafield>
  <datafield tag="686" ind1="1" ind2=" ">
    <subfield code="a">&#x425;621.159.04</subfield>
  </datafield>
  <datafield tag="686" ind1="1" ind2=" ">
    <subfield code="a">&#x423;27(2)2(2&#x420;37-6&#x421;)</subfield>
  </datafield>
  <datafield tag="686" ind1="1" ind2=" ">
    <subfield code="a">&#x423;27(2)2</subfield>
  </datafield>
  <datafield tag="700" ind1=" " ind2="1">
    <subfield code="7">ca</subfield>
    <subfield code="8">rus</subfield>
    <subfield code="a">&#x422;&#x43E;&#x43A;&#x430;&#x435;&#x432;&#x430;</subfield>
    <subfield code="b">&#x410;. &#x411;.</subfield>
    <subfield code="g">&#x410;&#x43B;&#x44C;&#x431;&#x438;&#x43D;&#x430; &#x411;&#x430;&#x442;&#x440;&#x430;&#x437;&#x43E;&#x432;&#x43D;&#x430;</subfield>
    <subfield code="9">219012</subfield>
    <subfield code="3">RU\NLR\AUTH\770219068</subfield>
  </datafield>
  <datafield tag="701" ind1=" " ind2="1">
    <subfield code="7">ca</subfield>
    <subfield code="8">rus</subfield>
    <subfield code="a">&#x422;&#x43E;&#x43A;&#x430;&#x435;&#x432;&#x430;</subfield>
    <subfield code="b">&#x411;. &#x411;.</subfield>
    <subfield code="g">&#x411;&#x435;&#x43B;&#x43B;&#x430; &#x411;&#x430;&#x442;&#x440;&#x430;&#x437;&#x43E;&#x432;&#x43D;&#x430;</subfield>
    <subfield code="9">219381</subfield>
    <subfield code="3">RU\NLR\AUTH\770219437</subfield>
  </datafield>
  <datafield tag="801" ind1=" " ind2="0">
    <subfield code="a">RU</subfield>
    <subfield code="b">&#x420;&#x413;&#x411;</subfield>
    <subfield code="c">20140129</subfield>
    <subfield code="g">RCR</subfield>
  </datafield>
  <datafield tag="801" ind1=" " ind2="1">
    <subfield code="a">RU</subfield>
    <subfield code="b">&#x420;&#x413;&#x411;</subfield>
    <subfield code="c">20140129</subfield>
    <subfield code="2">rusmarc</subfield>
  </datafield>
  <datafield tag="942" ind1=" " ind2=" ">
    <subfield code="c">BOOK</subfield>
  </datafield>
  <datafield tag="980" ind1=" " ind2=" ">
    <subfield code="a">NBR</subfield>
  </datafield>
</record>
